zpět

Detail výsledku týmu

U Lucerny ST, Brno

Datum a čas kvízu

33 Celkem bodů Celkový počet nahraných bodů na tomto kvízu bez doplňovacích otázek.
7. Pořadí na kvízu Konečné umístění týmu na tomto kvízu.

Zaznamenané odpovědi

# Otázka Odpověď Body Výsledky
1. Čekalo se 120 nablýskaných kam... ve Zlíně 1
2. Na sociálních sítích lidé minu... Majitel veřejně podpořil očkování proti covidu. 1
3. Jak se jmenuje slavný britský... Michael Caine 1
4. Jak se nazývá nová kryptoměna,... Gypsycoin 1
5. Jedna oštěpařka vydražila svou... Polsko 0
6. Pojďme se nyní zlehka dotknout... Leoš Janáček 0
7. Na obrázku vidíme egyptský amu... Ankh (nebo také Anch) 1
8. Jako „nesmrtelné zvíře“ můžeme... rypoš (lysý) 1
9. „Nesmrtelní“ byli elitní jedno... Achaimenovci 0
10. Autorem románu Nesmrtelnost je... Milan Kundera 1